00649nam a22002057a 450000500170000001000130001702000260003003500130005603700360006908200130010510000230011824500970014125000120023826000480025027000440029830000340034250000180037670000230039470000260041720211108141331.0 aB-741816 a9780070635531c380.00 aB-741816 bTata McGraw Hill Education/Gift a658.1511 aAnthony, Robert N. aAccounting:btext and cases /cby Robert Anthony, David F. Hawkins [and] Kenneth A. Merchant a12th ed aNew DelhibTata McGraw Hill Educationc2012 a7, West Patel Nagar,bNew Delhie110008 axxvi, 933p.:bill.c24cm(pbk) ainclude index aHawkins, David F.  aMerchant, Kenneth A.